प्रकाशन मार्गदर्शिका 98 -99 (Record no. 143278)

MARC details
000 -LEADER
fixed length control field 00512nam a2200157Ia 4500
008 - FIXED-LENGTH DATA ELEMENTS--GENERAL INFORMATION
fixed length control field 090124s9999 xx 000 0 und d
082 ## - DEWEY DECIMAL CLASSIFICATION NUMBER
Item number 29796
Classification number 1890
245 ## - TITLE STATEMENT
Title प्रकाशन मार्गदर्शिका 98 -99
250 ## - EDITION STATEMENT
Edition statement 1
260 ## - PUBLICATION, DISTRIBUTION, ETC. (IMPRINT)
Date of publication, distribution, etc 1998
300 ## - PHYSICAL DESCRIPTION
Extent 225
630 ## - SUBJECT ADDED ENTRY--UNIFORM TITLE
Uniform title प्रकाशन मार्गदर्शिका 98 -99
700 ## - ADDED ENTRY--PERSONAL NAME
Personal name ठाकूर नीमा
730 ## - ADDED ENTRY--UNIFORM TITLE
Uniform title प्रकाशन मार्गदर्शिका 98 -99
942 ## - ADDED ENTRY ELEMENTS (KOHA)
Koha item type Book
Holdings
Withdrawn status Lost status Damaged status Not for loan Home library Current library Date acquired Cost, normal purchase price Total Checkouts Full call number Barcode Date last seen Cost, replacement price Price effective from Koha item type
        Marathi Granth Sangrahalaya,Thane Marathi Granth Sangrahalaya,Thane   100.00   29796 THNMGS-29796 01/24/2009 100.00 01/24/2009 Book